هذا بيان للناس الشبهات الثلاثون المثاره لانكار السنة النبوية عرض وتنفيذ و نقض / (رقم التسجيلة. 80216)

تفاصيل مارك
000 -الفاتح
عناصر البيانات ثابتة الطول 00978cam a2200217 i 4500
005 - تاريخ ووقت آخر معاملة
حقل ضبط 20251228092136.0
008 - عناصر البيانات ثابتة الطول
عناصر البيانات ثابتة الطول 250721s1999 ua gr 000 0 ara d
082 14 - رقم تصنيف ديوي العشري
رقم التصنيف 218.61
رقم المادة م ط ع
100 1# - مدخل رئيسي – اسم شخصي
الاسم الشخصي المطعي، عبد العظيم ابراهيم محمد
علاقة الشخص بالعمل/ دوره مؤلف.
245 10 - بيان العنوان
العنوان هذا بيان للناس الشبهات الثلاثون المثاره لانكار السنة النبوية عرض وتنفيذ و نقض /
بيان المسؤولية دكتور عبد العظيم ابراهيم محمد المطعي.
250 ## - بيان الطبعة
بيان الطبعة الطبعة الاولى.
264 31 - بيانات النشر، التوزيع…إلخ
مكان النشر، التوزيع...إلخ القاهرة :
اسم الناشر، الموزع...إلخ مكتبة وهبة،
تاريخ النشر، التوزيع...إلخ 1999.
300 ## - الوصف المادي
عدد الوحدات المكونة للوعاء 195صفحة.
490 1# - بيان السلسلة
عنوان السلسلة لابد من دين الله لدنيا الناس ؛
رقم الوعاء في السلسلة الرقم 16.
650 17 - مدخل إضافي بالموضوع - مصطلح موضوعي
مصطلح موضوعي أو اسم جغرافي كعنصر مدخل السنة النبوية.
650 17 - مدخل إضافي بالموضوع - مصطلح موضوعي
مصطلح موضوعي أو اسم جغرافي كعنصر مدخل دفع المطاعن عن الحديث.
650 17 - مدخل إضافي بالموضوع - مصطلح موضوعي
مصطلح موضوعي أو اسم جغرافي كعنصر مدخل علوم الحديث.
830 #0 - مدخل إضافي بالسلسلة-عنوان مقنن
عنوان السلسسلة لابد من دين الله لدنيا الناس.
942 ## - بيانات إضافية (كوها)
نوع التنصيف Dewey Decimal Classification
نوع المادة (كوها) كتب
المقتنيات
حالة السحب حالة الفقدان مصدر التصنيف حالة التلف غير قابل للإعارة المكتبة الرئيسية المكتبة الحالية موقع الرف تاريخ التزويد الرقم المتسلسل Total Checkouts رقم الإستدعاء الباركود تاريخ آخر ظهور تاريخ الفاتورة نوع المادة (كوها)
    Dewey Decimal Classification     المكتبة المركزية المكتبة المركزية الإعارة 28/07/2025 1454835   218.61 / م ط ع PLD00189013 28/07/2025 28/07/2025 كتب
Implemented & Customized by: BBB with SCIT (Smart Chains for Information Technology)

Powered by Koha